000 00363nam a2200097Ia 4500
008 220204s9999 xx 000 0 und d
082 _a339.138(047)
_bREP
245 0 _aReport on the market survey of insecticides and pesticides hydrogen peroxide pain remedies (balms) sera and vaccines and cosmetics and toiletaries in Iran
260 _aBombay
_bBPSEPC
942 _cBK
999 _c22347
_d22347